Методические разработки по русскому языку для слушателей подготовительных отделений, окончивших национальные школы (Запись № 6644439)

Подробности
000 -МАРКЕР
контрольное поле 01076nam1a22002291i 4500
001 - ИДЕНТИФИКАТОР ЗАПИСИ
контрольное поле rc\840638
005 - ИДЕНТИФИКАТОР ВЕРСИИ
контрольное поле 20240723222415.0
035 ## - ДРУГИЕ СИСТЕМНЫЕ НОМЕРА
Идентификатор записи (NLR Aleph) 006238443
100 ## - ДАННЫЕ ОБЩЕЙ ОБРАБОТКИ
Данные общей обработки 20041129d1983 u |0rusy50 ca
101 0# - ЯЗЫК РЕСУРСА
Язык текста, звукозаписи и т.д. русский
102 ## - СТРАНА ПУБЛИКАЦИИ ИЛИ ПРОИЗВОДСТВА
Страна публикации российская федерация
105 ## - ПОЛЕ КОДИРОВАННЫХ ДАННЫХ: ТЕКСТОВЫЕ МАТЕРИАЛЫ, МОНОГРАФИЧЕСКИЕ
Кодированные данные о монографическом текстовом документе y |||||||||
200 1# - ЗАГЛАВИЕ И СВЕДЕНИЯ ОБ ОТВЕТСТВЕННОСТИ
Основное заглавие Методические разработки по русскому языку для слушателей подготовительных отделений, окончивших национальные школы
Сведения, относящиеся к заглавию (Развитие речи)
Первые сведения об ответственности М-во высш. и сред. спец. образования КазССР, Науч.-метод. каб.
Последующие сведения об ответственности [Сост.: Р.Г. Гер и др.]
210 ## - ПУБЛИКАЦИЯ, РАСПРОСТРАНЕНИЕ И ДР.
Место издания, распространения и т.д. Алма-Ата
Имя издателя, распространителя и т. д. Минвуз КазССР
Дата издания, распространения и т.д. 1983
215 ## - ФИЗИЧЕСКАЯ ХАРАКТЕРИСТИКА
Размеры 20
702 #1 - ИМЯ ЛИЦА - ВТОРИЧНАЯ ОТВЕТСТВЕННОСТЬ
Начальный элемент ввода Гер
Часть имени, кроме начального элемента ввода Р.Г.
Код отношения Составитель
712 01 - НАИМЕНОВАНИЕ ОРГАНИЗАЦИИ - ВТОРИЧНАЯ ОТВЕТСТВЕННОСТЬ
Начальный элемент ввода КазССР
Структурное подразделение М-во высшего и среднего специального образования
-- Науч.-метод. кабинет
801 #0 - ИСТОЧНИК ЗАПИСИ
Страна российская федерация
Организация NLR
Правила каталогизации psbo
801 #1 - ИСТОЧНИК ЗАПИСИ
Страна российская федерация
Организация ELAR
Источник данных rusmarc
852 ## - МЕСТОНАХОЖДЕНИЕ И ШИФР ХРАНЕНИЯ
Идентификатор организации NLR
Шифр хранения (Call Number) 84-4/7955
942 ## - ДОПОЛНИТЕЛЬНЫЕ ЭЛЕМЕНТЫ ЗАПИСИ (АБИС)
Тип экземпляра АБИС Книга

Нет доступных экземпляров.